00996nam a2200265 i 4500003000900000005001700009007000300026008004100029040003000070041000800100082001800108111008100126245011100207264007700318300002500395336002700420337003300447338002800480490001800508590002700526910001400553942001300567952013300580999001700713DO-SdBNP20250630153737.0ta250630t2006 dr 000 0 spa d aDO-SdBNPbspacBNPHUerda hspa axxxxbJ822221 aJornada Nacional Capacitación Municipal c(Santo Domingo? :d2006?)98822313aRealidades y desafíos de la gestión municipal en el marco de la reforma y modernización del Estado / aSanto Domingo :bConsejo Nacional de Reforma del Estado (CONARE),c2006. a38 páginasc28 cm. atextobtxt2rdacontent asin mediaciónbn2rdamedia avolumenbnc2rdacarrier1 aCuaderno ;v1 aInventariado, 2025/ YL aYLockward 2ddccLF2 00102ddc51708PD-FaBNPHUbBNPHUcCTd2018-07-02eDonación l0oBNPHU F-PD xxxx J82p2025-5972r2025-06-30w2025-06-30yLF2 c59403d59403